| 000 | 01857nam a2200265Ia 4500 | ||
|---|---|---|---|
| 008 | 260220t1977||||xx |||||||||||||| ||spa|| | ||
| 020 | _a8472224783 | ||
| 040 |
_aPY-SlUNAC _bspa _erda |
||
| 041 | _aspa | ||
| 082 |
_a370.1 _bF865n |
||
| 100 |
_aFreinet, Elise _eAutor |
||
| 245 | 0 |
_aNacimiento de una pedagogía popular : _bhistoria de la escuela moderna / _cpor Elise Freinet [Autor] |
|
| 250 | _aSegunda edición | ||
| 264 |
_aBarcelona : _bLaia, _c℗1977. |
||
| 300 | _a378 páginas | ||
| 520 | _aEn "Nacimiento de una pedagogía popular", Elise Freinet presenta un análisis exhaustivo de la evolución de la educación moderna, enfocándose en los principios y prácticas que la sustentan. A través de un enfoque crítico, Freinet examina las condiciones sociales y políticas que dieron lugar a la pedagogía popular, resaltando la importancia de la participación activa de los estudiantes en su proceso de aprendizaje. El texto destaca la necesidad de una educación que trascienda el mero memorismo y fomente el pensamiento crítico y la creatividad. Freinet también aborda la influencia de movimientos sociales en la transformación de las estructuras educativas, defendiendo la idea de que la escuela debe ser un espacio de libertad y experimentación. La obra es un llamado a repensar la educación como un proceso dinámico y colaborativo, donde tanto maestros como alumnos co-crean el conocimiento. En definitiva, Freinet propone una visión renovadora que busca empoderar a los individuos y promover una sociedad más justa e igualitaria a través de la educación. | ||
| 653 | _aEducación | ||
| 653 | _aHistoria de la educación | ||
| 653 | _aPedagogía | ||
| 942 |
_b2026/02/17 _cBK |
||
| 999 |
_c7207 _d7207 |
||